S novinármi vojnu nevyhráte so špílmachrom bratislavskej Artmedie Jánom Kozákom na netradičnú tému - o žurnalistoch a médiách

Bibliographic Details
Other Authors: Kikuš, Vladimír (Interviewer)
Format: Article
Language:Slovak
PhysicalDescription:Fotogr.
ISSN:0139-7001
Subjects:

MARC

LEADER 00000nab a2200000 ar4500
001 vtls008941095
003 SK-MaSNL
005 20260303070821.0
008 070131c20070125xo wr|p|||||||000 b|slo
015 |a SNBRBL2007/01  |2 snkbucl 
038 |a SNKBUCL 
040 |a SNKBUCL  |b slo  |c SNKBUCL  |e AACR2 
041 0 |a slo 
044 |a xo  |c SK 
080 |a 796.332.071  |2 1997 
100 1 |a Kikuš, Vladimír  |4 ivr  |9 207400 
245 1 0 |a S novinármi vojnu nevyhráte  |b so špílmachrom bratislavskej Artmedie Jánom Kozákom na netradičnú tému - o žurnalistoch a médiách  |c [zhováral sa] Vladimír Kikuš 
300 |b Fotogr. 
600 1 7 |a Kozák, Ján,  |d 1980-  |2 snkbucl  |9 120951 
650 0 7 |a futbal  |2 snkbucl  |9 3291 
700 1 |a Kozák, Ján,  |d 1980-  |4 ive  |9 120951 
773 0 |t Šport  |g Roč. 61, č. 20 (25.1.2007), s. 2-3  |x 0139-7001 
852 |a SNK  |b KIS3GCP 
999 |c 1757036  |d 1758966